| 000 | 00481nam a22001577a 4500 | ||
|---|---|---|---|
| 999 |
_c27234 _d27234 |
||
| 003 | BDDh-ASL | ||
| 005 | 20231015030736.0 | ||
| 008 | 211028s1904 ii ||||| |||| 00| 0 u d | ||
| 040 |
_aBDDh-ASL _cBDDh-ASL |
||
| 082 |
_a297.3 _bTAH |
||
| 245 | 0 | 0 | _aTahzibun Niswan wa Tarbiyatul Insan : / تھذيب النسوان و تربيۃ الانسان |
| 260 |
_aDelhi : _bAnsari Press , _c1904. |
||
| 300 |
_a326 p. : _c24 cm. |
||
| 650 | 0 |
_93283 _aIslamic History |
|
| 942 |
_2ddc _cBK |
||